000 01023nam a2200289 i 4500
001 000035694
003 DO-SdBNP
005 20250616103951.0
007 ta
008 111108s2011 dr 000 0 spa d
020 _a9789945164145
040 _aDO-SdBNP
_bspa
_cBNPHU
_erda
082 4 _a302.5
_bD919c
_222
100 1 _aDunker L., José,
_d1943-
_eautor
_91027
_4aut.
245 1 0 _aCultura del tigueraje en República Dominicana :
_bpropuesta para una revolución cultural /
_cJosé Dunker.
264 _aSanto Domingo :
_bEditora Búho,
_c2011.
300 _a165 páginas ;
_c23 cm.
336 _atexto
_btxt
_2rdacontent
337 _asin mediación
_bn
_2rdamedia
338 _ardacarrier
_bnc
_2rdacarrier
504 _aBibliografía : p. 155-163.
590 _aInventariado, 2018/BT
650 0 _aPsicología social
_zRepública Dominicana
_xEnsayos, conferencias, etc.
_91574
651 4 _aRepública Dominicana
_xCondiciones sociales
_946
910 _aValidado. Control de calidad. EMS
942 _2ddc
_cLBS1
999 _c35185
_d35185